Integrated operations in the oil and gas industry : (Record no. 18389)
[ view plain ]
| 000 -LEADER | |
|---|---|
| fixed length control field | 01366cam a2200337 a 4500 |
| 005 - DATE AND TIME OF LATEST TRANSACTION | |
| control field | 20230522180357.0 |
| 008 - FIXED-LENGTH DATA ELEMENTS--GENERAL INFORMATION | |
| fixed length control field | 120309s2013 paua b 001 0 eng |
| 010 ## - LIBRARY OF CONGRESS CONTROL NUMBER | |
| LC control number | 2012009946 |
| 020 ## - INTERNATIONAL STANDARD BOOK NUMBER | |
| ISBN | 9781466620025 (hbk.) |
| 020 ## - INTERNATIONAL STANDARD BOOK NUMBER | |
| ISBN | 9781466620032 (ebook) |
| 020 ## - INTERNATIONAL STANDARD BOOK NUMBER | |
| ISBN | 9781466620049 (print & perpetual access) |
| 040 ## - CATALOGING SOURCE | |
| Original cataloging agency | DLC |
| Transcribing agency | DLC |
| Modifying agency | DLC |
| 042 ## - AUTHENTICATION CODE | |
| Authentication code | pcc |
| 050 00 - LIBRARY OF CONGRESS CALL NUMBER | |
| Classification number | HD9560.5 |
| Item number | .I5525 2013 |
| 082 00 - DEWEY DECIMAL CLASSIFICATION NUMBER | |
| Classification number | 665.5068/4 |
| Edition number | 23 |
| Item number | ROS-I |
| 100 ## - MAIN ENTRY--AUTHOR | |
| Author Name | Rosendahl;Tom |
| 245 00 - TITLE STATEMENT | |
| Title | Integrated operations in the oil and gas industry : |
| Remainder of title | sustainability and capability development / |
| Statement of responsibility, etc. | Tom Rosendahl, Vidar Hepsø, editors. |
| 260 ## - PUBLICATION, DISTRIBUTION, ETC. | |
| Place of Publication | Hershey, PA : |
| Name of publisher, distributor, etc. | Business Science Reference, |
| Date of publication, distribution, etc. | c2013. |
| 300 ## - PHYSICAL DESCRIPTION | |
| Pages | xxviii, 427 p. : |
| 500 ## - GENERAL NOTE | |
| General note | Includes bibliographical references (p. 389-413) and index. |
| 504 ## - BIBLIOGRAPHY, ETC. NOTE | |
| Bibliography, etc. note | Includes bibliographical references (p. 389-413) and index. |
| 650 #0 - SUBJECT ADDED ENTRY--TOPICAL TERM | |
| Subject / Department | Petroleum industry and trade |
| General subdivision | Management. |
| 650 #0 - SUBJECT ADDED ENTRY--TOPICAL TERM | |
| Subject / Department | Petroleum industry and trade |
| General subdivision | Information technology. |
| 650 #0 - SUBJECT ADDED ENTRY--TOPICAL TERM | |
| Subject / Department | Gas industry |
| General subdivision | Management. |
| 650 #0 - SUBJECT ADDED ENTRY--TOPICAL TERM | |
| Subject / Department | Gas industry |
| General subdivision | Information technology. |
| 700 1# - ADDED ENTRY--PERSONAL NAME | |
| Personal name | Rosendahl, Tom. |
| 700 1# - ADDED ENTRY--PERSONAL NAME | |
| Personal name | Hepsø, Vidar |
| 300 ## - PHYSICAL DESCRIPTION | |
| -- | ill. ; |
| -- | 30 cm. |
| 906 ## - LOCAL DATA ELEMENT F, LDF (RLIN) | |
| a | 7 |
| b | cbc |
| c | orignew |
| d | 1 |
| e | ecip |
| f | 20 |
| g | y-gencatlg |
| 952 ## - LOCATION AND ITEM INFORMATION (KOHA) | |
| -- | 0 |
| -- | 0 |
| 952 ## - LOCATION AND ITEM INFORMATION (KOHA) | |
| -- | 0 |
| -- | 0 |
| 952 ## - LOCATION AND ITEM INFORMATION (KOHA) | |
| -- | 0 |
| -- | 0 |
| 952 ## - LOCATION AND ITEM INFORMATION (KOHA) | |
| -- | 0 |
| -- | 0 |
| 952 ## - LOCATION AND ITEM INFORMATION (KOHA) | |
| -- | 0 |
| -- | 0 |
| 952 ## - LOCATION AND ITEM INFORMATION (KOHA) | |
| -- | 0 |
| -- | 0 |
| 952 ## - LOCATION AND ITEM INFORMATION (KOHA) | |
| -- | 0 |
| -- | 0 |
| 952 ## - LOCATION AND ITEM INFORMATION (KOHA) | |
| -- | 0 |
| -- | 0 |
| 952 ## - LOCATION AND ITEM INFORMATION (KOHA) | |
| -- | 0 |
| -- | 0 |
| 952 ## - LOCATION AND ITEM INFORMATION (KOHA) | |
| -- | 0 |
| -- | 0 |
| Lost status | Damaged status | Permanent Location | Current Location | Shelving Location | Date acquired | Full Call Number | Accession No./Barcode | Date last seen | Copy number | item type |
|---|---|---|---|---|---|---|---|---|---|---|
| Superior Information Resource Center (SIRC) Superior University- Central Library | Superior Information Resource Center (SIRC) Superior University- Central Library | Mechanical | 05/22/2023 | 665.50 ROS-I 2013 | 15764 | 05/22/2023 | 1 | BOOK | ||
| Superior Information Resource Center (SIRC) Superior University- Central Library | Superior Information Resource Center (SIRC) Superior University- Central Library | Mechanical | 05/22/2023 | 665.50 ROS-I 2013 | 15763 | 05/22/2023 | 2 | BOOK | ||
| Superior Information Resource Center (SIRC) Superior University- Central Library | Superior Information Resource Center (SIRC) Superior University- Central Library | Mechanical | 05/22/2023 | 665.50 ROS-I 2013 | 15762 | 05/22/2023 | 3 | BOOK | ||
| Superior Information Resource Center (SIRC) Superior University- Central Library | Superior Information Resource Center (SIRC) Superior University- Central Library | Mechanical | 05/22/2023 | 665.50 ROS-I 2013 | 15761 | 05/22/2023 | 4 | BOOK | ||
| Superior Information Resource Center (SIRC) Superior University- Central Library | Superior Information Resource Center (SIRC) Superior University- Central Library | Mechanical | 05/22/2023 | 665.50 ROS-I 2013 | 15760 | 05/22/2023 | 5 | BOOK | ||
| Superior Information Resource Center (SIRC) Superior University- Central Library | Superior Information Resource Center (SIRC) Superior University- Central Library | Mechanical | 05/22/2023 | 665.50 ROS-I 2013 | 15759 | 05/22/2023 | 6 | BOOK | ||
| Superior Information Resource Center (SIRC) Superior University- Central Library | Superior Information Resource Center (SIRC) Superior University- Central Library | Mechanical | 05/22/2023 | 665.50 ROS-I 2013 | 15758 | 05/22/2023 | 7 | BOOK | ||
| Superior Information Resource Center (SIRC) Superior University- Central Library | Superior Information Resource Center (SIRC) Superior University- Central Library | Mechanical | 05/22/2023 | 665.50 ROS-I 2013 | 15757 | 05/22/2023 | 8 | BOOK | ||
| Superior Information Resource Center (SIRC) Superior University- Central Library | Superior Information Resource Center (SIRC) Superior University- Central Library | Mechanical | 05/22/2023 | 665.50 ROS-I 2013 | 15756 | 05/22/2023 | 9 | BOOK | ||
| Superior Information Resource Center (SIRC) Superior University- Central Library | Superior Information Resource Center (SIRC) Superior University- Central Library | Mechanical | 05/22/2023 | 665.50 ROS-I 2013 | 15755 | 05/22/2023 | 10 | BOOK |
